00497nam a2200133Ia 4500020001800000082002000018245008900038260003300127300003500160440004600195500008000241650002600321700001600347 a0-08-034764-9 aRR 951.003 INF- 0aInformation China: the comprehensive and authoritative reference source of new China aOxfordbPergamon Pressc1989 a3v.: maps, pictures and photog aCountries of the World information series aContents: Vol.1.(xxxvii,440p.) - v.2.(xix,443-929p.) - v.3.(xix,933-1621p.) aChina - Encyclopedias aJames, C.V.